000
00319nam a2200157Ia 4500
100
_a
Williams/Elliot
942
_c
BK
366
_f
25
654
_a
AVR programming
245
_a
Make: AVR programming
260
_b
Oreilly
_c
2014
082
_b
WIL
300
_a
451
546
_a
ENGLISH
_c
Computers
999
_c
34021
_d
34021